000 00576nam a22002057a 4500
007 00
008 160623b xxu||||| |||| 00| 0 eng d
020 _a978-2-10-056789-8
040 _aBUAC
_cBUC
041 _aFre.
100 _aDivard, Ronan
245 _aLe marketing participatif 2.0
_c/ par Ronan Divarrd
260 _aParis :
_bDunod,
_c2011
300 _a147 p.
_c18 cm.
440 _a( Collection Management Sup )
521 _aBibliogr. pp. (139- 142) ; Index : pp. (145 - 147)
630 _aSCIENCES APPLIQUEES
650 _aMarketing
_919825
942 _cLIV
999 _c54690
_d54690